00856nam a2200181 a 450000100100000000500170001000800410002704000250006808200160009311001070010924501920021626000370040830000300044549000480047550400730052350400300059683000480062600003109720200930062713.0110613s2009 dr d r 000 0 spa d aDO-SdBNPbspacBNPHU axxxxbR426c1 aRepública Dominicana.bCentro Nacional de Investigaciones en Salud Materno-Infantil Dr. Hugo Mendoza10aCalidad de vida de las personas que viven con el VIH y el SIDA :bestudio exploratorio en comunidades seleccionadas de la República Dominicana /ceditor Marija Miric; Eddy Pérez-Then. aSanto Domingo :bCENISMI,c2009. a39 p. :bgráf. ;c27 p.1 aSerie de publicaciones técnicas;v1, 2009 aIncluye referencias bibliográficas y notas al pie de las páginas aBibliografía : p. 37-39 0aSerie de publicaciones técnicas;n1, 2009